000
00370nam a2200157Ia 4500
008
151213s9999 xx 000 0 und d
100
_a
Peter Nrton
245
_a
Introduction To Computer
_c
Peter Nrton
250
_a
3rd
260
_b
McGraw hill
_c
2000 - 01
300
_a
1534 p.
650
_a
Computer
650
_a
Computer
700
_a
Peter Nrton
999
_c
1186
_d
1186